LEADER 00761nam0-22002771i-450- 001 990007091240403321 005 20020610 035 $a000709124 035 $aFED01000709124 035 $a(Aleph)000709124FED01 035 $a000709124 100 $a20020610d1951----km-y0itay50------ba 101 0 $aeng 102 $aGB 105 $ay-------001yy 200 1 $aMorals in evolution$ea study in comparative ethics$fby L.T. Hobhouse 210 $aLondon$cChapman & Hall$d1951 215 $aXLVIII, 648 p.$d24 cm 700 1$aHobhouse,$bLeonard Trelawney$0252381 801 0$aIT$bUNINA$gRICA$2UNIMARC 901 $aBK 912 $a990007091240403321 952 $aXI M 10$b39534$fFGBC 959 $aFGBC 996 $aMorals in evolution$9704527 997 $aUNINA